00538nam a2200193 a 4500001001300000003000900013005001700022008004100039020001000080082001800090100002200108245003200130260003700162300000800199500003500207505004000242650004000282700002200322nice12345678IN_TiNIC20260116011531.0050524s1964 lona grp 000 0 eng  ac10000a291.172bPAN1 aPanikkar, Raymond aUnknown Christ of Hinduism. aLondonbDarton and Longmanc1964 a163 aincludes index and biblioraphy2 aIndex, Printed by C.Foster, Madras. aReconciliation-Interfaith Hindu Chr1 aPanikkar, Raymond